African Union quiz - Statistics

General Stats
  • This quiz has been taken 51 times
  • The average score is 7 of 20
Answer Stats
Questions Answers % Correct
How many members does AU have? 55
83%
Capital of AU (Commission) is? Addis Ababa
59%
Name one of the two most populated AU cities. Cairo / Lagos
56%
Name one of the Pan-African colors? Gold / red / green
49%
When was African Union founded? 9 July / 2002
41%
The other capital of AU (Parliament) is? Johannesburg
41%
Name the one that is not officially a country. Western Sahara
41%
*Country with membership suspended. #3 Mali
37%
*Country with membership suspended. #4 Sudan
37%
*Country with membership suspended. #1 Burkina Faso
32%
The predecessor of AU was called? Organisation of African Unity
32%
African Central Bank is planned to be where? Abuja / Nigeria
27%
AU Commission HQ was built by which country? China
22%
Reason for suspension for the countries above. military coup / coup d'état
22%
Which 'country' still applies for a membership? Somaliland
22%
AU has four observer states. Name one. Israel / Kazakhstan / Turkey / UAE
17%
*Country with membership suspended. #2 Guinea
15%
AU plans for their own currency. What's it called? afro / afriq
12%
Court of Justice of the AU is planned where? Arusha / Tanzania
7%
Le Monde ran a story the building was what? bugged
5%
No matching quizzes found
Score Distribution
Percent of People with Each Score
Percentile by Number Answered
Your Score History
You have not taken this quiz